书目信息 |
| 题名: |
四合院
|
|
| 作者: | 王忠强 编著 | |
| 分册: | ||
| 出版信息: | 长春 吉林文史出版社 2018 |
|
| 页数: | 120页 | |
| 开本: | 23cm | |
| 丛书名: | 中国文化知识读本 | |
| 单 册: | ||
| 中图分类: | TU241.5 | |
| 科图分类: | ||
| 主题词: | 北京四合院--Bei Jing Si He Yuan--简介 | |
| 电子资源: | ||
| ISBN: | 978-7-5463-1294-1 | |
| 000 | 00861nam 2200265 45 | |
| 001 | 012001003026 | |
| 005 | 20140126142907.0 | |
| 010 | @a978-7-5463-1294-1@dCNY34.80 | |
| 099 | @aCAL 012010199515 | |
| 100 | @a20101008d2010 em y0chiy50 ea | |
| 101 | 0 | @achi |
| 102 | @aCN@b220000 | |
| 105 | @aaf z 000yy | |
| 106 | @ar | |
| 200 | 1 | @a四合院@ASi He Yuan@f编著王忠强 |
| 210 | @a长春@c吉林文史出版社@d2018 | |
| 215 | @a120页@c图@d23cm | |
| 225 | 2 | @a中国文化知识读本@AZhong Guo Wen Hua Zhi Shi Du Ben |
| 330 | @a本书内容包括:四合院的历史变革、四合院的基本格局、四合院的单体建筑、四合院的装饰文化、四合院的现状。 | |
| 410 | 0 | @12001@a中国文化知识读本 |
| 606 | 0 | @a北京四合院@ABei Jing Si He Yuan@x简介 |
| 690 | @aTU241.5@v4 | |
| 701 | 0 | @a王忠强@AWang Zhong Qiang@4编著 |
| 801 | 2 | @aCN@b北京卓展@c20191020 |
| 905 | @b1210132-5@dTU241.5@e1535@f4 | |
| 四合院/编著王忠强.-长春:吉林文史出版社,2018 |
| 120页:图;23cm.-(中国文化知识读本) |
| ISBN 978-7-5463-1294-1:CNY34.80 |
| 本书内容包括:四合院的历史变革、四合院的基本格局、四合院的单体建筑、四合院的装饰文化、四合院的现状。 |
| ● |
| 相关链接 |
|
|
|
|
正题名:四合院
索取号:TU241.5/1535
 
预约/预借
| 序号 | 登录号 | 条形码 | 馆藏地/架位号 | 状态 | 备注 |
| 1 | 1210132 | 212101321 | 第二样本阅览室/ [索取号:TU241.5/1535] | 在馆 | |
| 2 | 1210133 | 212101330 | 第三借阅区/ [索取号:TU241.5/1535] | 在馆 | |
| 3 | 1210134 | 212101349 | 第三借阅区/ [索取号:TU241.5/1535] | 在馆 | |
| 4 | 1210135 | 212101358 | 第三借阅区/ [索取号:TU241.5/1535] | 在馆 |